000 01421nam a22003614a 4500
001 ebr10218081
003 CaPaEBR
006 m u
007 cr cn|||||||||
008 060721s2007 enk sb 001 0 eng
010 _z 2006931453
020 _z9781412923286
020 _z141292328X
020 _z1412923298 (pbk.)
020 _z9781412923293 (pbk.)
040 _aCaPaEBR
_cCaPaEBR
035 _a(OCoLC)298789070
050 1 4 _aRJ506.A9
_bA868 2007eb
082 0 4 _a618.92/85882
_222
100 1 _aAttfield, Elizabeth.
245 1 0 _aLiving with autistic spectrum disorders
_h[electronic resource] :
_bguidance for parents, carers, and siblings /
_cElizabeth Attfield and Hugh Morgan.
260 _aLondon ;
_aThousand Oaks, Calif. :
_bPaul Chapman Pub.,
_c2007.
300 _axi, 83 p.
504 _aIncludes bibliographical references (p.77-78) and index.
533 _aElectronic reproduction.
_bPalo Alto, Calif. :
_cebrary,
_d2013.
_nAvailable via World Wide Web.
_nAccess may be limited to ebrary affiliated libraries.
650 0 _aAutism in children.
650 0 _aAutism in adolescence.
650 0 _aAutistic people
_xFamily relationships.
655 7 _aElectronic books.
_2local
700 1 _aMorgan, Stephen H.
710 2 _aebrary, Inc.
856 4 0 _uhttp://site.ebrary.com/lib/rucke/Doc?id=10218081
_zAn electronic book accessible through the World Wide Web; click to view
999 _c129611
_d129611